| 000 | 00519 a2200193 4500 | ||
|---|---|---|---|
| 005 | 20260226111323.0 | ||
| 008 | 260225b |||||||| |||| 00| 0 eng d | ||
| 020 |
_a9789371264426 _cRs. 995.00 |
||
| 040 | _aMAIN | ||
| 082 |
_a347.3 _bT199M |
||
| 100 | _aTaxmann | ||
| 245 | _aMoney laundering law manual | ||
| 260 |
_bTaxmann _c2026 _aNew Delhi |
||
| 300 | _av. | ||
| 650 | _aMoney Laundering- Law | ||
| 650 | _aFinancial Crimes-Law and Legislation | ||
| 650 | _aAnti-Money Laundering-Regulations | ||
| 942 | _cBK | ||
| 999 |
_c396347 _d396347 |
||